[Event "Gibraltar ChallWk1 9th"]
[Site "Gibraltar"]
[Date "2011.01.24"]
[Round "1.24"]
[White "Obiamiwe, Paul"]
[Black "Savage, Neil"]
[Result "1-0"]
[WhiteElo "2015"]
[BlackElo "1682"]
[PlyCount "45"]
[EventDate "2011.01.24"]
[EventType "swiss"]
[EventRounds "5"]
[EventCountry "GGB"]
[SourceTitle "BritBase"]
[Source "www.saund.co.uk"]
[SourceDate "2018.02.10"]
[SourceVersion "1"]
[SourceVersionDate "2018.02.10"]
[SourceQuality "1"]

1. e4 d5 2. exd5 Qxd5 3. Nc3 Qd6 4. Nf3 Nf6 5. d4 c6 6. Be2 Bf5 7. O-O Nbd7 8.
Bg5 e6 9. Bh4 Qc7 10. Bg3 Bd6 11. Nh4 Bg6 12. Re1 O-O 13. Nxg6 hxg6 14. Bf3
Rad8 15. Qe2 Bxg3 16. hxg3 Nb6 17. Rad1 Rfe8 18. Ne4 Na4 19. c3 c5 20. Qc2 Qa5
21. dxc5 Nd5 22. Nd6 Re7 23. Bxd5 1-0

[Event "Gibraltar ChallWk1 9th"]
[Site "Gibraltar"]
[Date "2011.01.24"]
[Round "1.26"]
[White "Lanier, Nicholas"]
[Black "Byron, Alan M"]
[Result "0-1"]
[WhiteElo "2203"]
[BlackElo "2192"]
[PlyCount "78"]
[EventDate "2011.01.24"]
[EventType "swiss"]
[EventRounds "5"]
[EventCountry "GGB"]
[SourceTitle "BritBase"]
[Source "www.saund.co.uk"]
[SourceDate "2018.02.10"]
[SourceVersion "1"]
[SourceVersionDate "2018.02.10"]
[SourceQuality "1"]

1. e4 c5 2. c3 d6 3. Nf3 Nd7 4. d4 e6 5. Bd3 Qc7 6. Qe2 cxd4 7. O-O dxc3 8.
Nxc3 a6 9. Bf4 Be7 10. Rac1 Qd8 11. Rfd1 Ngf6 12. h3 O-O 13. a3 e5 14. Be3 b5
15. Bb1 Bb7 16. Nh2 Qb8 17. f4 Nc5 18. Nd5 Bxd5 19. exd5 Ncd7 20. Nf3 Bd8 21.
fxe5 dxe5 22. Rc6 Re8 23. Ng5 e4 24. h4 h6 25. Nh3 Ne5 26. Bf4 Qa7+ 27. Be3 Qb7
28. Nf4 Nxc6 29. dxc6 Qxc6 30. Rc1 Qb7 31. Kh1 Bb6 32. Bd2 Rac8 33. Rf1 Bd4 34.
Bb4 Qc7 35. Nh5 Qc4 36. Nxf6+ Bxf6 37. Qf2 Bxb2 38. Bc3 Bxc3 39. Ba2 e3 0-1

[Event "Gibraltar ChallWk1 9th"]
[Site "Gibraltar"]
[Date "2011.01.25"]
[Round "2.1"]
[White "Henriksson, Johan"]
[Black "Suez-Panama, Gilles"]
[Result "1-0"]
[WhiteElo "2243"]
[BlackElo "2096"]
[PlyCount "73"]
[EventDate "2011.01.24"]
[EventType "swiss"]
[EventRounds "5"]
[EventCountry "GGB"]
[SourceTitle "BritBase"]
[Source "www.saund.co.uk"]
[SourceDate "2018.02.10"]
[SourceVersion "1"]
[SourceVersionDate "2018.02.10"]
[SourceQuality "1"]

1. d4 Nf6 2. Nf3 g6 3. g3 Bg7 4. Bg2 O-O 5. O-O d6 6. c4 Nbd7 7. Nc3 e5 8. dxe5
dxe5 9. Qc2 c6 10. Rd1 Qc7 11. b3 Nc5 12. Ba3 Bf5 13. Qc1 Nfd7 14. Na4 b6 15.
Qe3 e4 16. Nd4 Rfe8 17. Nxf5 gxf5 18. Nxc5 Nxc5 19. Rab1 Ne6 20. Bd6 Qd8 21.
Be5 Qg5 22. Qxg5 Nxg5 23. Bf4 Ne6 24. e3 Bf8 25. Bh3 Ng7 26. Rd7 Re6 27. Rbd1
Be7 28. Rb7 Kf8 29. Rdd7 Rd8 30. Rxa7 Rxd7 31. Rxd7 Ke8 32. Rb7 Bd6 33. Bxd6
Rxd6 34. Rxb6 Rd1+ 35. Kg2 Ne6 36. Bxf5 Ng5 37. Rxc6 1-0

[Event "Gibraltar ChallWk1 9th"]
[Site "Gibraltar"]
[Date "2011.01.25"]
[Round "2.2"]
[White "Elishev, Ivan"]
[Black "Jameson, David"]
[Result "1/2-1/2"]
[WhiteElo "2226"]
[BlackElo "2054"]
[PlyCount "115"]
[EventDate "2011.01.24"]
[EventType "swiss"]
[EventRounds "5"]
[EventCountry "GGB"]
[SourceTitle "BritBase"]
[Source "www.saund.co.uk"]
[SourceDate "2018.02.10"]
[SourceVersion "1"]
[SourceVersionDate "2018.02.10"]
[SourceQuality "1"]

1. e4 e5 2. Nf3 Nc6 3. Bb5 a6 4. Ba4 Nf6 5. O-O Nxe4 6. d4 b5 7. Bb3 d5 8. dxe5
Be6 9. c3 Bc5 10. Bf4 O-O 11. Nd4 Bxd4 12. cxd4 f6 13. f3 fxe5 14. fxe4 exf4
15. Nc3 Ne7 16. Qd2 Qd6 17. exd5 Bxd5 18. Nxd5 Nxd5 19. Rxf4 Rxf4 20. Bxd5+
Qxd5 21. Qxf4 Rd8 22. Rc1 Qxd4+ 23. Qxd4 Rxd4 24. b3 Rd2 25. a4 bxa4 26. bxa4
Rd4 27. a5 Rd5 28. Rxc7 Rxa5 29. h4 Ra1+ 30. Kh2 a5 31. Kg3 a4 32. Rc8+ Kf7 33.
Rc7+ Kg6 34. Rc6+ Kh5 35. Rc5+ Kh6 36. Rc6+ g6 37. Rc7 a3 38. Kg4 Ra2 39. g3
Rb2 40. Ra7 Ra2 41. Kf4 Ra1 42. Kf3 g5 43. Ra6+ Kg7 44. hxg5 Kf7 45. Rf6+ Kg7
46. Ra6 a2 47. Kg4 Kf7 48. Rf6+ Ke7 49. Ra6 Kd7 50. g6 hxg6 51. Kg5 Rg1 52.
Rxa2 Rxg3+ 53. Kf6 g5 54. Kf5 Ke7 55. Ra4 Kf7 56. Ra7+ Kf8 57. Kf6 Ke8 58. Rg7
1/2-1/2

[Event "Gibraltar ChallWk1 9th"]
[Site "Gibraltar"]
[Date "2011.01.25"]
[Round "2.3"]
[White "Tari, Aryan"]
[Black "Zygouris, Hristos"]
[Result "1-0"]
[WhiteElo "2097"]
[BlackElo "2215"]
[PlyCount "97"]
[EventDate "2011.01.24"]
[EventType "swiss"]
[EventRounds "5"]
[EventCountry "GGB"]
[SourceTitle "BritBase"]
[Source "www.saund.co.uk"]
[SourceDate "2018.02.10"]
[SourceVersion "1"]
[SourceVersionDate "2018.02.10"]
[SourceQuality "1"]

1. e4 c5 2. Nf3 e6 3. d4 cxd4 4. Nxd4 a6 5. Nc3 Qc7 6. Be2 b5 7. O-O Bb7 8. f3
Bc5 9. Kh1 Nc6 10. Nb3 Be7 11. Be3 d6 12. Qd2 Nf6 13. Rad1 O-O 14. a4 b4 15.
Na2 d5 16. Bc5 dxe4 17. Nxb4 Ne5 18. Bxe7 Qxe7 19. Qd6 Qxd6 20. Rxd6 a5 21. f4
Neg4 22. Na6 Ne3 23. Rc1 Rfc8 24. Nac5 Bd5 25. c4 Nf5 26. Ra6 Bc6 27. Rxa8 Rxa8
28. Rd1 Kf8 29. Nd4 Nxd4 30. Rxd4 Ke7 31. Kg1 Rb8 32. b3 Nd7 33. Nxd7 Bxd7 34.
Bd1 Bc6 35. g3 f5 36. Kf2 g5 37. Rd2 Rg8 38. fxg5 e5 39. Ke3 Rf8 40. Rf2 Kd6
41. h4 Kc5 42. h5 Kb4 43. h6 Rd8 44. Rf1 f4+ 45. gxf4 exf4+ 46. Ke2 f3+ 47. Ke3
Rd3+ 48. Kf4 Rd2 49. Rh1 {Black overstepped the time limit} 1-0

[Event "Gibraltar ChallWk1 9th"]
[Site "Gibraltar"]
[Date "2011.01.25"]
[Round "2.4"]
[White "Zanetti, Bruno"]
[Black "Jaunooby, Ali R"]
[Result "0-1"]
[WhiteElo "2017"]
[BlackElo "2207"]
[PlyCount "112"]
[EventDate "2011.01.24"]
[EventType "swiss"]
[EventRounds "5"]
[EventCountry "GGB"]
[SourceTitle "BritBase"]
[Source "www.saund.co.uk"]
[SourceDate "2018.02.10"]
[SourceVersion "1"]
[SourceVersionDate "2018.02.10"]
[SourceQuality "1"]

1. d4 g6 2. c4 Bg7 3. Nc3 c5 4. d5 e5 5. e4 d6 6. Bd3 Ne7 7. g4 h5 8. g5 a6 9.
a4 Nd7 10. Be3 O-O 11. Qd2 Rb8 12. Nge2 Nb6 13. h4 Bd7 14. Ng3 Na8 15. Be2 Qa5
16. Ra3 Rfc8 17. Bxh5 gxh5 18. Nxh5 Kf8 19. Nf6 Rc7 20. h5 Nb6 21. h6 Bh8 22.
b3 Ng6 23. Ne2 Qxd2+ 24. Bxd2 Nc8 25. f4 exf4 26. Nxf4 Nce7 27. O-O Bc8 28. b4
b6 29. Raf3 Ne5 30. R3f2 N7g6 31. bxc5 bxc5 32. Bc3 Rb3 33. Nxg6+ Nxg6 34. Nh7+
Kg8 35. Nf6+ Bxf6 36. Bxf6 Re3 37. Rh2 Kh7 38. e5 Nxe5 39. Rb2 Nxc4 40. Rb8 Re8
41. Kh2 Ne3 42. Rf3 Nxd5 43. Bg7 Re2+ 44. Kg3 Re3 45. Rxe3 Nxe3 46. Kf4 Nd5+
47. Ke4 Nb4 48. Bf8 d5+ 49. Kf4 Be6 50. Bg7 Rc8 51. Rb6 d4 52. Ke5 d3 53. Rxe6
fxe6 54. Kf6 Nd5+ 55. Kxe6 d2 56. Kf5 Ne7+ 0-1

[Event "Gibraltar ChallWk1 9th"]
[Site "Gibraltar"]
[Date "2011.01.25"]
[Round "2.5"]
[White "Byron, Alan M"]
[Black "Haga, Halvor"]
[Result "1/2-1/2"]
[WhiteElo "2192"]
[BlackElo "2024"]
[PlyCount "37"]
[EventDate "2011.01.24"]
[EventType "swiss"]
[EventRounds "5"]
[EventCountry "GGB"]
[SourceTitle "BritBase"]
[Source "www.saund.co.uk"]
[SourceDate "2018.02.10"]
[SourceVersion "1"]
[SourceVersionDate "2018.02.10"]
[SourceQuality "1"]

1. d4 f5 2. e4 fxe4 3. Nc3 Nf6 4. Bg5 e6 5. Nxe4 Be7 6. Ng3 d5 7. Nf3 c5 8.
Bb5+ Nc6 9. O-O O-O 10. c3 Qb6 11. Qe2 cxd4 12. cxd4 Nxd4 13. Nxd4 Qxd4 14.
Rad1 Qb6 15. Bd3 Bd7 16. Nh5 Rae8 17. Be3 Bc5 18. Nxf6+ Rxf6 19. Bxh7+ 1/2-1/2

[Event "Gibraltar ChallWk1 9th"]
[Site "Gibraltar"]
[Date "2011.01.25"]
[Round "2.6"]
[White "Urbina Perez, Juan Antonio"]
[Black "Obiamiwe, Paul"]
[Result "1/2-1/2"]
[WhiteElo "2189"]
[BlackElo "2015"]
[PlyCount "77"]
[EventDate "2011.01.24"]
[EventType "swiss"]
[EventRounds "5"]
[EventCountry "GGB"]
[SourceTitle "BritBase"]
[Source "www.saund.co.uk"]
[SourceDate "2018.02.10"]
[SourceVersion "1"]
[SourceVersionDate "2018.02.10"]
[SourceQuality "1"]

1. e4 e5 2. Nf3 Nc6 3. Bb5 a6 4. Ba4 Nf6 5. Qe2 b5 6. Bb3 Be7 7. c3 O-O 8. d4
d6 9. Nbd2 Bg4 10. Qe3 h6 11. O-O Re8 12. d5 Na5 13. Bc2 Bd7 14. b4 Nb7 15. Rd1
c6 16. dxc6 Bxc6 17. Nf1 Qc7 18. Ng3 Nd8 19. Nh4 Ng4 20. Qf3 Nxf2 21. Rf1 Bxh4
22. Rxf2 Qe7 23. Bd2 Bd7 24. Raf1 Be6 25. Kh1 Bxg3 26. Qxg3 Kh7 27. Bb3 Rc8 28.
Qf3 f6 29. Qh5 Qf7 30. Qh4 Kg8 31. Bxh6 Bxb3 32. axb3 Rxc3 33. Bd2 Rc7 34. h3
Ne6 35. Qg4 Kh7 36. Qh4+ Kg8 37. Qg4 Kh7 38. Qh4+ Kg8 39. Qg4 1/2-1/2

[Event "Gibraltar ChallWk1 9th"]
[Site "Gibraltar"]
[Date "2011.01.25"]
[Round "2.7"]
[White "Daoudi, Kamal"]
[Black "Salomon, Johan"]
[Result "1-0"]
[WhiteElo "2155"]
[BlackElo "1836"]
[PlyCount "49"]
[EventDate "2011.01.24"]
[EventType "swiss"]
[EventRounds "5"]
[EventCountry "GGB"]
[SourceTitle "BritBase"]
[Source "www.saund.co.uk"]
[SourceDate "2018.02.10"]
[SourceVersion "1"]
[SourceVersionDate "2018.02.10"]
[SourceQuality "1"]

1. e4 c5 2. Nf3 d6 3. d4 cxd4 4. Qxd4 Nc6 5. Bb5 Bd7 6. Bxc6 Bxc6 7. Nc3 Nf6 8.
Bg5 e6 9. O-O-O Be7 10. Rhe1 Qa5 11. Nd5 Bxd5 12. exd5 Qxa2 13. dxe6 fxe6 14.
Qb4 O-O 15. Re3 Nd5 16. Rxd5 Qxd5 17. Bxe7 Rfc8 18. Qxd6 Qxd6 19. Bxd6 Rc6 20.
Be5 Kf7 21. Ng5+ Kg6 22. Rg3 Kf5 23. Bxg7 Rg8 24. Nxh7 Rc7 25. Rg5+ 1-0

[Event "Gibraltar ChallWk1 9th"]
[Site "Gibraltar"]
[Date "2011.01.25"]
[Round "2.8"]
[White "Isherwood, Paul"]
[Black "Siegmund, Rainer"]
[Result "0-1"]
[WhiteElo "2014"]
[BlackElo "2133"]
[PlyCount "94"]
[EventDate "2011.01.24"]
[EventType "swiss"]
[EventRounds "5"]
[EventCountry "GGB"]
[SourceTitle "BritBase"]
[Source "www.saund.co.uk"]
[SourceDate "2018.02.10"]
[SourceVersion "1"]
[SourceVersionDate "2018.02.10"]
[SourceQuality "1"]

1. e4 c5 2. c3 d5 3. exd5 Qxd5 4. d4 Nf6 5. Nf3 Bg4 6. Be2 e6 7. Na3 cxd4 8.
Nb5 Qd8 9. Nbxd4 Be7 10. O-O O-O 11. h3 Bh5 12. Qb3 Qc8 13. Bf4 a6 14. c4 Rd8
15. Rfd1 Nc6 16. Nxc6 bxc6 17. Rxd8+ Bxd8 18. Rd1 Bc7 19. Qe3 Bxf4 20. Qxf4 c5
21. b3 a5 22. Qe3 a4 23. Ne5 Bxe2 24. Qxe2 axb3 25. axb3 h6 26. Qf3 Ra6 27. Qe3
Qc7 28. g3 Rd6 29. Rxd6 Qxd6 30. Kg2 Kf8 31. f4 Ke7 32. f5 exf5 33. b4 Ne4 34.
Nd3 cxb4 35. g4 g6 36. gxf5 gxf5 37. c5 Qd5 38. Nxb4 Qxc5 39. Qxc5+ Nxc5 40.
Nd5+ Ke6 41. Nf4+ Kf6 42. Kf3 Kg5 43. Ng2 Ne6 44. Kg3 f4+ 45. Kf2 Nd4 46. h4+
Kg4 47. h5 f6 0-1

[Event "Gibraltar ChallWk1 9th"]
[Site "Gibraltar"]
[Date "2011.01.25"]
[Round "2.9"]
[White "Vinas Guerrero, Carlos A"]
[Black "Flanagan, Samuel"]
[Result "1-0"]
[WhiteElo "2121"]
[BlackElo "1776"]
[PlyCount "45"]
[EventDate "2011.01.24"]
[EventType "swiss"]
[EventRounds "5"]
[EventCountry "GGB"]
[SourceTitle "BritBase"]
[Source "www.saund.co.uk"]
[SourceDate "2018.02.10"]
[SourceVersion "1"]
[SourceVersionDate "2018.02.10"]
[SourceQuality "1"]

1. e4 c5 2. Nc3 d6 3. f4 g6 4. Nf3 Bg7 5. Bc4 Nc6 6. O-O e6 7. d3 Nge7 8. Qe1
O-O 9. f5 d5 10. Bb3 d4 11. fxg6 Nxg6 12. Ne2 Na5 13. Ng3 Nxb3 14. axb3 f5 15.
exf5 exf5 16. Nh5 Re8 17. Bg5 Rxe1 18. Bxd8 Rxf1+ 19. Kxf1 Bf8 20. Bb6 Be6 21.
Rxa7 Rxa7 22. Bxa7 Bd5 23. Nf6+ 1-0

[Event "Gibraltar ChallWk1 9th"]
[Site "Gibraltar"]
[Date "2011.01.25"]
[Round "2.10"]
[White "Sommerhalder, Eric"]
[Black "Havik, Victor"]
[Result "1/2-1/2"]
[WhiteElo "2000"]
[BlackElo "2107"]
[PlyCount "121"]
[EventDate "2011.01.24"]
[EventType "swiss"]
[EventRounds "5"]
[EventCountry "GGB"]
[SourceTitle "BritBase"]
[Source "www.saund.co.uk"]
[SourceDate "2018.02.10"]
[SourceVersion "1"]
[SourceVersionDate "2018.02.10"]
[SourceQuality "1"]

1. e4 e5 2. d4 exd4 3. Qxd4 Nc6 4. Qe3 Nf6 5. Nc3 Bb4 6. Bd2 O-O 7. O-O-O Re8
8. Qg3 d5 9. exd5 Nxd5 10. Bc4 Bd6 11. f4 Nf6 12. Nf3 Be6 13. Bxe6 Rxe6 14. Ng5
Re8 15. Qd3 h6 16. h4 Bb4 17. Qh3 Qd7 18. Nge4 Ng4 19. f5 Qxf5 20. Rdf1 Qd7 21.
Rf4 f5 22. Nf2 Rad8 23. Rd1 Nd4 24. Qd3 Ne5 25. Qf1 c5 26. a3 Ba5 27. Nd3 Nb3+
28. Kb1 Nxd2+ 29. Rxd2 Bxc3 30. bxc3 Qb5+ 31. Ka2 Nc4 32. Rdf2 Ne3 33. Qb1 Qc6
34. c4 Rd4 35. Qb5 Qxb5 36. cxb5 b6 37. Rxd4 cxd4 38. Nb4 Re5 39. a4 Re4 40. g3
Rg4 41. Rf3 g5 42. hxg5 hxg5 43. Nd3 Nxc2 44. Ne5 Re4 45. Rxf5 g4 46. Rg5+ Kf8
47. Rf5+ Ke8 48. Nc6 d3 49. Rd5 Rxa4+ 50. Kb3 Re4 51. Rxd3 Ne3 52. Rd8+ Kf7 53.
Rd7+ Kf6 54. Rxa7 Nf5 55. Ra6 Re3+ 56. Kc4 Rxg3 57. Rxb6 Ne3+ 58. Kc5 Kg5 59.
Rb8 Nf5 60. Ne5 Kf4 61. Nxg4 1/2-1/2

[Event "Gibraltar ChallWk1 9th"]
[Site "Gibraltar"]
[Date "2011.01.25"]
[Round "2.11"]
[White "Helin, Mikael"]
[Black "Seyfried, Claus"]
[Result "0-1"]
[WhiteElo "1914"]
[BlackElo "2173"]
[PlyCount "60"]
[EventDate "2011.01.24"]
[EventType "swiss"]
[EventRounds "5"]
[EventCountry "GGB"]
[SourceTitle "BritBase"]
[Source "www.saund.co.uk"]
[SourceDate "2018.02.10"]
[SourceVersion "1"]
[SourceVersionDate "2018.02.10"]
[SourceQuality "1"]

1. e4 d5 2. d4 dxe4 3. Nc3 Nf6 4. f3 c6 5. fxe4 e5 6. Nf3 exd4 7. Qxd4 Qxd4 8.
Nxd4 Bb4 9. Bd3 O-O 10. O-O Re8 11. Bg5 Nbd7 12. Nf5 Ng4 13. h3 h6 14. Bh4 Nge5
15. Rad1 Nb6 16. g4 Nbc4 17. Na4 Bxf5 18. gxf5 Ne3 19. Kh1 Nxd1 20. Rxd1 Be7
21. f6 Bxf6 22. Bxf6 gxf6 23. Rf1 Rad8 24. Rg1+ Kh7 25. Be2 Rd2 26. Bg4 Rg8 27.
Nc5 Rxg4 28. Rxg4 Nxg4 29. hxg4 b6 30. Nd3 Rxc2 0-1

[Event "Gibraltar ChallWk1 9th"]
[Site "Gibraltar"]
[Date "2011.01.25"]
[Round "2.12"]
[White "Vogel, Jaap"]
[Black "Georgieva, Emilia"]
[Result "1/2-1/2"]
[WhiteElo "2207"]
[BlackElo "1907"]
[PlyCount "87"]
[EventDate "2011.01.24"]
[EventType "swiss"]
[EventRounds "5"]
[EventCountry "GGB"]
[SourceTitle "BritBase"]
[Source "www.saund.co.uk"]
[SourceDate "2018.02.10"]
[SourceVersion "1"]
[SourceVersionDate "2018.02.10"]
[SourceQuality "1"]

1. d4 d5 2. Nf3 c6 3. c4 Nf6 4. e3 Bg4 5. Qb3 Qb6 6. Nc3 Qxb3 7. axb3 e6 8. Ne5
Bf5 9. c5 Nbd7 10. f4 Nxe5 11. fxe5 Nd7 12. b4 Be7 13. b5 O-O 14. Be2 f6 15.
exf6 gxf6 16. O-O Bg6 17. b4 e5 18. bxc6 bxc6 19. b5 exd4 20. exd4 Nxc5 21.
dxc5 Bxc5+ 22. Kh1 d4 23. Bc4+ Kg7 24. Na4 Bb4 25. bxc6 Rac8 26. Nb2 a5 27. Bd3
Rxc6 28. Bxg6 hxg6 29. Nd3 Bc3 30. Rb1 g5 31. Bb2 Rd8 32. Rbc1 a4 33. Rfd1 Rb8
34. Kg1 Rb3 35. Kf1 a3 36. Bxc3 dxc3 37. Ne1 a2 38. Ra1 c2 39. Rdc1 Rb1 40. Nd3
Rd6 41. Ke2 Rb3 42. Ne1 Re6+ 43. Kd2 Rbe3 44. Rxc2 1/2-1/2

[Event "Gibraltar ChallWk1 9th"]
[Site "Gibraltar"]
[Date "2011.01.25"]
[Round "2.13"]
[White "Osuna Vega, Enrique"]
[Black "Annetts, Ivor S"]
[Result "1/2-1/2"]
[WhiteElo "2140"]
[BlackElo "1890"]
[PlyCount "85"]
[EventDate "2011.01.24"]
[EventType "swiss"]
[EventRounds "5"]
[EventCountry "GGB"]
[SourceTitle "BritBase"]
[Source "www.saund.co.uk"]
[SourceDate "2018.02.10"]
[SourceVersion "1"]
[SourceVersionDate "2018.02.10"]
[SourceQuality "1"]

1. e4 c5 2. Nf3 Nc6 3. Bb5 g6 4. O-O Bg7 5. c3 Nf6 6. e5 Nd5 7. d4 cxd4 8. cxd4
a6 9. Bc4 Nb6 10. Bb3 d6 11. Qe2 dxe5 12. dxe5 e6 13. Bg5 Qc7 14. Re1 h6 15.
Bd2 Nd7 16. Bc3 b5 17. a3 Bb7 18. Nbd2 Rd8 19. Rac1 Qb8 20. Rcd1 O-O 21. h4 h5
22. Bc2 Rfe8 23. Qe3 Ne7 24. Bb3 Nf5 25. Qe2 Nf8 26. Bc2 Rd7 27. Ne4 Bxe4 28.
Bxe4 Red8 29. Bc6 Rxd1 30. Rxd1 Rxd1+ 31. Qxd1 Qc7 32. Be4 Nd7 33. Bxf5 exf5
34. e6 fxe6 35. Bxg7 Kxg7 36. Ng5 Nf8 37. Qd4+ e5 38. Qd5 Qc1+ 39. Kh2 Qf4+ 40.
Kg1 Qc1+ 41. Kh2 Qf4+ 42. Kg1 Qxh4 43. Qb7+ 1/2-1/2

[Event "Gibraltar ChallWk1 9th"]
[Site "Gibraltar"]
[Date "2011.01.25"]
[Round "2.15"]
[White "Dasaolu, Adeoye"]
[Black "Marder, Simon"]
[Result "1/2-1/2"]
[WhiteElo "2107"]
[BlackElo "1990"]
[PlyCount "74"]
[EventDate "2011.01.24"]
[EventType "swiss"]
[EventRounds "5"]
[EventCountry "GGB"]
[SourceTitle "BritBase"]
[Source "www.saund.co.uk"]
[SourceDate "2018.02.10"]
[SourceVersion "1"]
[SourceVersionDate "2018.02.10"]
[SourceQuality "1"]

1. Nf3 Nc6 2. d4 d5 3. Bg5 f6 4. Bh4 Nh6 5. c4 e6 6. e3 Nf5 7. Bg3 Nxg3 8. hxg3
g6 9. Nc3 Bg7 10. Qb3 Ne7 11. Bd3 c6 12. Rd1 O-O 13. O-O f5 14. Ne5 Bxe5 15.
dxe5 Qc7 16. f4 Kg7 17. Rc1 Qb6 18. Qxb6 axb6 19. cxd5 Nxd5 20. Nxd5 exd5 21.
a3 Be6 22. Rfd1 Rfd8 23. Kf2 Kf7 24. Be2 b5 25. Rd4 h5 26. Ke1 Ke7 27. Rc3 Rdc8
28. Rd2 Ra4 29. Bd1 Ra7 30. Be2 Ra4 31. Rd4 Rca8 32. Bd1 Rc4 33. Kd2 Rxc3 34.
Kxc3 Kd7 35. Bf3 Kc7 36. Rd1 Kb6 37. Ra1 Rh8 {No further moves could be
deciphered.} 1/2-1/2

[Event "Gibraltar ChallWk1 9th"]
[Site "Gibraltar"]
[Date "2011.01.25"]
[Round "2.16"]
[White "Jorgensen, Line Jin"]
[Black "Meskovs, Nikita"]
[Result "0-1"]
[WhiteElo "1892"]
[BlackElo "2243"]
[PlyCount "64"]
[EventDate "2011.01.24"]
[EventType "swiss"]
[EventRounds "5"]
[EventCountry "GGB"]
[SourceTitle "BritBase"]
[Source "www.saund.co.uk"]
[SourceDate "2018.02.10"]
[SourceVersion "1"]
[SourceVersionDate "2018.02.10"]
[SourceQuality "1"]

1. d4 Nf6 2. c4 c5 3. d5 b5 4. cxb5 a6 5. b6 Qxb6 6. Nc3 d6 7. Nf3 g6 8. e4
Nbd7 9. Bd3 Bg7 10. O-O O-O 11. a4 Ng4 12. a5 Qb7 13. Nd2 Nge5 14. Be2 g5 15.
Nf3 Nxf3+ 16. Bxf3 Rb8 17. Qc2 h6 18. Ra2 Bd4 19. h4 Ne5 20. Be2 f6 21. Kh1 Qb3
22. Qxb3 Rxb3 23. f4 gxf4 24. Bxf4 Kh7 25. Bxe5 Bxe5 26. Bc4 Rb4 27. Bd3 Rg8
28. Rf3 Rg4 29. Kg1 Rxh4 30. g3 Rh5 31. Kg2 Bh3+ 32. Kg1 Bg4 0-1

[Event "Gibraltar ChallWk1 9th"]
[Site "Gibraltar"]
[Date "2011.01.25"]
[Round "2.17"]
[White "Winkler, Stefan"]
[Black "Lanier, Nicholas"]
[Result "0-1"]
[WhiteElo "1867"]
[BlackElo "2203"]
[PlyCount "32"]
[EventDate "2011.01.24"]
[EventType "swiss"]
[EventRounds "5"]
[EventCountry "GGB"]
[SourceTitle "BritBase"]
[Source "www.saund.co.uk"]
[SourceDate "2018.02.10"]
[SourceVersion "1"]
[SourceVersionDate "2018.02.10"]
[SourceQuality "1"]

1. e4 Nf6 2. Nc3 e5 3. Nf3 Bb4 4. Nxe5 O-O 5. d3 d5 6. a3 Bxc3+ 7. bxc3 Re8 8.
d4 Nxe4 9. Be3 Nc6 10. Bb5 Nxc3 11. Nxc6 bxc6 12. Qf3 Nxb5 13. O-O Re4 14. Qd1
Qf6 15. Re1 Bf5 16. Rb1 Nc3 0-1

[Event "Gibraltar ChallWk1 9th"]
[Site "Gibraltar"]
[Date "2011.01.25"]
[Round "2.20"]
[White "Hamer, Martyn"]
[Black "Brookfield, Toby"]
[Result "1-0"]
[WhiteElo "2041"]
[BlackElo "1793"]
[PlyCount "129"]
[EventDate "2011.01.24"]
[EventType "swiss"]
[EventRounds "5"]
[EventCountry "GGB"]
[SourceTitle "BritBase"]
[Source "www.saund.co.uk"]
[SourceDate "2018.02.10"]
[SourceVersion "1"]
[SourceVersionDate "2018.02.10"]
[SourceQuality "1"]

1. e4 c5 2. c3 d6 3. d4 Nf6 4. Bd3 cxd4 5. cxd4 g6 6. h3 Bg7 7. Nf3 O-O 8. Nc3
Nc6 9. Be3 e5 10. d5 Nd4 11. O-O Nd7 12. Rc1 Nc5 13. Bb1 Bd7 14. Nxd4 exd4 15.
Bxd4 Bh6 16. f4 Rc8 17. Rc2 Qh4 18. Qf3 Rfe8 19. Re2 b5 20. b4 Na4 21. Nxa4
bxa4 22. Bd3 Rc7 23. Qf2 Qxf2+ 24. Rexf2 Rec8 25. e5 Bg7 26. Re2 Re8 27. Kf2
Bc8 28. Bc2 Ba6 29. Bxa4 Bxe2 30. Kxe2 Ree7 31. Kd3 dxe5 32. d6 exd4 33. Kd2
Rb7 34. dxe7 Rxe7 35. Bc6 h5 36. a4 Re3 37. Kc2 Re2+ 38. Kb3 Re3+ 39. Ka2 Re2+
40. Kb1 d3 41. Bb5 Rb2+ 42. Kc1 d2+ 43. Kd1 Rb1+ 44. Kxd2 Rxf1 45. Bxf1 Bd4 46.
Kd3 Bf2 47. Kc4 f6 48. a5 g5 49. f5 h4 50. b5 Kf8 51. Kd5 Ke7 52. Kc6 Kd8 53.
Kb7 Kd7 54. b6 axb6 55. a6 b5 56. Bxb5+ Kd6 57. a7 Bxa7 58. Kxa7 Ke5 59. Bd3
Kd4 60. Be2 Ke3 61. Bg4 Kf2 62. Kb6 Kxg2 63. Kc5 Kg3 64. Kd5 Kf4 65. Ke6 1-0

[Event "Gibraltar ChallWk1 9th"]
[Site "Gibraltar"]
[Date "2011.01.25"]
[Round "2.21"]
[White "Hegvik, Leif Trygve"]
[Black "Knudsen, Jes West"]
[Result "0-1"]
[WhiteElo "1814"]
[BlackElo "2000"]
[PlyCount "76"]
[EventDate "2011.01.24"]
[EventType "swiss"]
[EventRounds "5"]
[EventCountry "GGB"]
[SourceTitle "BritBase"]
[Source "www.saund.co.uk"]
[SourceDate "2018.02.10"]
[SourceVersion "1"]
[SourceVersionDate "2018.02.10"]
[SourceQuality "1"]

1. e4 Nf6 2. e5 Nd5 3. d4 d6 4. Nf3 Bg4 5. Be2 c6 6. O-O Nd7 7. exd6 exd6 8. c4
N5f6 9. Nc3 Be7 10. Qd3 Bh5 11. b3 Bg6 12. Qd2 O-O 13. Bb2 Re8 14. d5 c5 15.
Rfe1 Ne4 16. Nxe4 Bxe4 17. Rad1 Bf6 18. Bxf6 Qxf6 19. Ng5 Bg6 20. f4 h6 21. Nf3
Nf8 22. Bf1 Be4 23. Ne5 Bh7 24. Nd3 Ng6 25. g3 Ne7 26. Bg2 Nf5 27. Nf2 Qd4 28.
Qa5 Qb2 29. Qxa7 Reb8 30. Qb6 Rxa2 31. Rf1 Re8 32. Rde1 Rf8 33. Rb1 Qd4 34.
Rbd1 Qf6 35. Rde1 Nd4 36. Ne4 Bxe4 37. Bxe4 Ne2+ 38. Kh1 Nxg3+ 0-1

[Event "Gibraltar ChallWk1 9th"]
[Site "Gibraltar"]
[Date "2011.01.25"]
[Round "2.22"]
[White "Phillips, Owen S"]
[Black "Rough, Robert E"]
[Result "1/2-1/2"]
[WhiteElo "1992"]
[BlackElo "1742"]
[PlyCount "77"]
[EventDate "2011.01.24"]
[EventType "swiss"]
[EventRounds "5"]
[EventCountry "GGB"]
[SourceTitle "BritBase"]
[Source "www.saund.co.uk"]
[SourceDate "2018.02.10"]
[SourceVersion "1"]
[SourceVersionDate "2018.02.10"]
[SourceQuality "1"]

1. e4 d5 2. exd5 Qxd5 3. Nc3 Qd6 4. g3 Nf6 5. Bg2 c6 6. Nge2 Bf5 7. d3 e6 8.
O-O Be7 9. Rb1 O-O 10. Bg5 Nbd7 11. Ne4 Nxe4 12. Bxe7 Qxe7 13. dxe4 Bg6 14. b4
e5 15. Nc3 Nf6 16. Qe2 Bh5 17. Qc4 Rfd8 18. f3 Rd4 19. Qb3 Rad8 20. Rfd1 Rxd1+
21. Rxd1 Rxd1+ 22. Nxd1 Qd6 23. Ne3 Qd4 24. Qd3 Qxd3 25. cxd3 Ne8 26. Kf2 Nd6
27. Nc4 Nxc4 28. dxc4 f6 29. Ke3 Kf8 30. Bh3 b6 31. Bd7 Be8 32. Bxe8 Kxe8 33.
f4 Kd7 34. a3 Kd6 35. f5 b5 36. c5+ Ke7 37. g4 h6 38. Kd3 Kf7 39. Ke3 1/2-1/2